000 02508nam0a2200433 4500
001 RU\NLR\BIBL_A\022186083
005 20240415161223.0
010 _a978-5-00177-879-0
_9500
021 _aRU
_bКН-П-24-010953
_9КН-П-24-1129
035 _a(NLR Aleph) 022186083
090 _a12997803
_c12997803
100 _a20240402d2023 k y0rusy50 ca
101 0 _arus
_aoss
102 _aRU
105 _ay e 000yy
181 0 _ai
_baxxe
182 0 _an
200 1 _aОсетинско-русский словарь деловой лексики
_dХъуыддаджы лексикæйы ирон-уырыссаг дзырдуат
_fЛ. Б. Гацалова, Л. К. Парсиева
_gМинистерство науки и высшего образования Российской Федерации, Федеральное государственное бюджетное образовательное учреждение высшего образования "Северо-Осетинский государственный университет имени Коста Левановича Хетагурова"
_zoss
203 _aТекст
_bвизуальный
_cнепосредственный
210 _aУфа
_cАэтерна
_d2023
215 _a99 с.
_d20
300 _aНа обл. авт.: Л. К. Парсиева, Л. Б. Гацалова
320 _aБиблиогр.: с. 99 (18 назв.)
510 1 _6z37790
_aХъуыддаджы лексикæйы ирон-уырыссаг дзырдуат
_zoss
606 1 _aОсетинский язык
_xТерминология административная
_xСловари
_xРусский язык
_2nlr_sh2
_3RU\NLR\AUTH\6601738761
606 1 _aУправление
_xДокументация
_jТерминологические словари
_2nlr_sh1
_2nlr_sh2
_3RU\NLR\AUTH\661134761
686 1 _aШ152.132.3-434.1
686 1 _aШ141.12-434.2
686 1 _aУ21(0)286я212
700 1 _aГацалова
_bЛ. Б.
_gЛариса Борисовна
701 1 _aПарсиева
_bЛ. К.
_f1972-
_gЛариса Касбулатовна
_3RU\NLR\AUTH\7748340
790 1 _6z37
_aGacalova
_bL. B.
_gLarisa Borisovna
790 1 _6z37
_6z37510
_aParsieva
_bL. K.
_f1972-
_gLarisa Kasbulatovna
852 _aNLR
_bОНЛ
_jОсет./3-2627
942 _cBOOK
980 _aNB